[Event "Uljanovsk Volga op"]
[Site "Uljanovsk"]
[Date "2016.01.08"]
[Round "7"]
[White "Vatutin, Petr"]
[Black "Uryadov, Sergey S"]
[Result "0-1"]
[WhiteElo "1390"]
[BlackElo "1950"]
[PlyCount "92"]
[EventDate "2016.01.05"]
[EventType "swiss"]
[EventRounds "9"]
[EventCountry "RUS"]
[SourceTitle "CBM 170 Extra"]
[Source "ChessBase"]
[SourceDate "2016.02.25"]
[SourceVersion "1"]
[SourceVersionDate "2016.02.25"]
[SourceQuality "1"]

1. d4 Nf6 2. c4 g6 3. Nc3 Bg7 4. Nf3 0-0 5. e4 d6 6. Bd3 Nbd7 7. 0-0 e5 8. d5 a5 9. Bg5 h6 10. Bxf6 Bxf6 11. a3 Nc5 12. Be2 a4 13. Nd2 Bg5 14. b4 Bxd2 15. bxc5 Bxc3 16. Rb1 dxc5 17. Qc1 Bd4 18. Qxh6 Qf6 19. Kh1 Qf4 20. Qxf4 exf4 21. Bd3 Be5 22. Rfe1 Kg7 23. h3 b6 24. f3 Bd7 25. Re2 Kf6 26. Kg1 Ke7 27. Kf1 Kd6 28. Bc2 Rfb8 29. Ree1 b5 30. cxb5 Bxb5+ 31. Kg1 Bd7 32. Rec1 Rb2 33. Kf1 Rab8 34. Ke2 Rxb1 35. Rxb1 Rxb1 36. Bxb1 Bb2 37. Kd2 Bxa3 38. Bd3 Bb4+ 39. Kc2 c6 40. dxc6 Kxc6 41. Kb2 Be6 42. Bc2 a3+ 43. Kc1 a2 44. Ba4+ Kb6 45. Kb2 Bc3+ 46. Kc2 a1Q 0-1

[Event "RUS-ch U26"]
[Site "Uljanovsk"]
[Date "2012.09.24"]
[Round "8"]
[White "Uryadov, Sergey S"]
[Black "Tsai, Roman"]
[Result "1-0"]
[WhiteElo "1942"]
[BlackElo "1840"]
[PlyCount "91"]
[EventDate "2012.09.17"]
[EventType "swiss"]
[EventRounds "9"]
[EventCountry "RUS"]
[SourceTitle "CBM 150 Extra"]
[Source "ChessBase"]
[SourceDate "2012.10.19"]
[SourceVersion "1"]
[SourceVersionDate "2012.10.19"]
[SourceQuality "1"]

1. d4 e6 2. Nf3 f5 3. g3 Nf6 4. Bg2 c5 5. 0-0 Nc6 6. c4 cxd4 7. Nxd4 Be7 8. Nc3 0-0 9. Rb1 Bc5 10. Nc2 a5 11. a3 Qe7 12. Na4 Ba7 13. Nc3 d6 14. b4 axb4 15. axb4 Ne5 16. Na3 Ng6 17. Qb3 Kh8 18. Nab5 Bb8 19. Be3 e5 20. Bg5 Be6 21. Nd5 Bxd5 22. Bxd5 h6 23. Bxf6 Rxf6 24. Ra1 Rxa1 25. Rxa1 f4 26. Qd3 fxg3 27. hxg3 e4 28. Qxe4 Qxe4 29. Bxe4 Ne5 30. Ra8 Rf8 31. Bd5 Nd7 32. Bxb7 Nb6 33. Ra6 Nxc4 34. Bd5 Ne5 35. Nd4 Ng4 36. Ra8 Ne5 37. Be6 Ng6 38. Ra6 Ne7 39. b5 d5 40. Ra8 g6 41. Nc6 Nxc6 42. bxc6 Kg7 43. Rxb8 Rxb8 44. c7 Rb1+ 45. Kg2 Rc1 46. c8Q 1-0

[Event "Ulstudents-ch op"]
[Site "Russia"]
[Date "2012.03.25"]
[Round "3"]
[White "Uryadov, Sergey S"]
[Black "Mirzaev, Aziz"]
[Result "0-1"]
[WhiteElo "1943"]
[BlackElo "2115"]
[PlyCount "68"]
[EventDate "2012.03.24"]
[EventType "swiss"]
[EventRounds "9"]
[EventCountry "RUS"]
[SourceTitle "EXT 2014"]
[Source "ChessBase"]
[SourceDate "2013.11.20"]
[SourceVersion "1"]
[SourceVersionDate "2013.11.20"]
[SourceQuality "1"]

1. d4 Nf6 2. Nf3 g6 3. c4 Bg7 4. Nc3 d5 5. Bg5 Ne4 6. cxd5 Nxg5 7. Nxg5 e6 8. Nf3 exd5 9. e3 0-0 10. Bd3 c5 11. dxc5 Qa5 12. 0-0 Qxc5 13. Rc1 Nc6 14. a3 Be6 15. Na4 Qe7 16. Qd2 Rfd8 17. b4 Bg4 18. Ne1 Ne5 19. h3 Bc8 20. Be2 Nc4 21. Qd1 b5 22. Nc3 d4 23. Nxb5 dxe3 24. Bd3 Nd2 25. Rc7 Qf6 26. Qc2 Nxf1 27. Kxf1 a6 28. Nc3 Qxf2+ 29. Qxf2 exf2 30. Kxf2 Be5 31. Rc6 Bd4+ 32. Ke2 Bb7 33. Rc7 Re8+ 34. Kd2 Rac8 0-1

[Event "Uljanovsk Privolje op"]
[Site "Uljanovsk"]
[Date "2012.01.31"]
[Round "2"]
[White "Ospennikov, Dmitry V"]
[Black "Uryadov, Sergey S"]
[Result "1-0"]
[WhiteElo "2200"]
[BlackElo "1941"]
[PlyCount "101"]
[EventDate "2012.01.31"]
[EventType "swiss"]
[EventRounds "9"]
[EventCountry "RUS"]
[SourceTitle "EXT 2013"]
[Source "ChessBase"]
[SourceDate "2012.11.22"]
[SourceVersion "1"]
[SourceVersionDate "2012.11.22"]
[SourceQuality "1"]

1. e4 e6 2. d3 d5 3. Nd2 Nf6 4. Ngf3 c5 5. g3 Nc6 6. Bg2 Be7 7. 0-0 0-0 8. Re1 b6 9. e5 Nd7 10. Nf1 Bb7 11. h4 Re8 12. N1h2 Nf8 13. h5 f6 14. Bf4 fxe5 15. Nxe5 Nxe5 16. Bxe5 Nd7 17. Ng4 Nxe5 18. Nxe5 Bf6 19. f4 Rb8 20. Qg4 Qc8 21. Re2 d4 22. Rae1 Bxg2 23. Kxg2 Rb7 24. Qf3 Rbe7 25. b3 Bxe5 26. Rxe5 Kf7 27. Qe4 Qa8 28. Qxa8 Rxa8 29. Kf3 Rae8 30. a4 Kf6 31. g4 Kf7 32. g5 g6 33. Rh1 Kg7 34. hxg6 hxg6 35. Re2 Rh8 36. Rxh8 Kxh8 37. Ke4 Kg7 38. Ke5 Re8 39. Rh2 Rf8 40. Rh4 Re8 41. Kd6 Rd8+ 42. Ke7 Rb8 43. Rh1 Rc8 44. Rh2 Rb8 45. Kxe6 Re8+ 46. Kd5 Re1 47. Kc6 Rf1 48. Kb7 Rxf4 49. Kxa7 Rg4 50. Kxb6 Rxg5 51. a5 1-0

[Event "Dimitrovgrad Teenagers op"]
[Site "Dimitrovgrad"]
[Date "2010.08.19"]
[Round "2"]
[White "Bondarenko, Anton"]
[Black "Uryadov, Sergey S"]
[Result "0-1"]
[WhiteElo "1632"]
[BlackElo "1948"]
[PlyCount "38"]
[EventDate "2010.08.18"]
[EventType "swiss"]
[EventRounds "7"]
[EventCountry "RUS"]
[SourceTitle "CBM 138 Extra"]
[Source "ChessBase"]
[SourceDate "2010.10.29"]
[SourceVersion "1"]
[SourceVersionDate "2010.10.29"]
[SourceQuality "1"]

1. e4 e6 2. Nf3 d5 3. e5 c5 4. c3 Nc6 5. d4 Qb6 6. Be2 cxd4 7. cxd4 Nge7 8. 0-0 Nf5 9. Be3 Qxb2 10. Nbd2 Qc3 11. Bb5 Nxe3 12. fxe3 Qxe3+ 13. Kh1 Bd7 14. Rb1 Be7 15. Rb3 Qh6 16. Ng1 g6 17. Rh3 Qg7 18. Qg4 0-0 19. Rg3 Nxd4 0-1

[Event "Uljanovsk Smyslov Memorial"]
[Site "Uljanovsk"]
[Date "2010.04.07"]
[Round "2"]
[White "Uryadov, Sergey S"]
[Black "Zhdanov, Eduard"]
[Result "0-1"]
[WhiteElo "1927"]
[BlackElo "2063"]
[PlyCount "52"]
[EventDate "2010.04.03"]
[EventType "swiss"]
[EventRounds "9"]
[EventCountry "RUS"]
[SourceTitle "CBM 136 Extra"]
[Source "ChessBase"]
[SourceDate "2010.07.02"]
[SourceVersion "2"]
[SourceVersionDate "2010.07.15"]
[SourceQuality "1"]

1. d4 d5 2. Nf3 Nf6 3. e3 Bf5 4. Bd3 Bxd3 5. Qxd3 e6 6. 0-0 Bd6 7. Qb5+ Nbd7 8. Qxb7 0-0 9. Nbd2 c5 10. c4 Nb6 11. b3 cxd4 12. exd4 dxc4 13. bxc4 Bf4 14. c5 Nbd5 15. Nc4 h6 16. Bxf4 Nxf4 17. Nd6 N6d5 18. Rfe1 Qf6 19. Ne5 Rab8 20. Qxa7 Qg5 21. g3 Nh3+ 22. Kf1 Rb2 23. Ne4 Qf5 24. Nd3 Qf3 25. Nxb2 Nc3 26. Nxc3 Qxf2# 0-1

[Event "Uljanovsk Cup"]
[Site "Uljanovsk"]
[Date "2009.12.06"]
[Round "3"]
[White "Markin, Igor1111"]
[Black "Uryadov, Sergey S"]
[Result "1-0"]
[WhiteElo "2192"]
[BlackElo "1908"]
[PlyCount "83"]
[EventDate "2009.12.05"]
[EventType "swiss"]
[EventRounds "9"]
[EventCountry "RUS"]
[SourceTitle "EXT 2012"]
[Source "ChessBase"]
[SourceDate "2011.11.24"]
[SourceVersion "1"]
[SourceVersionDate "2011.11.24"]
[SourceQuality "1"]

1. Nf3 Nf6 2. c4 g6 3. Nc3 Bg7 4. e4 d6 5. d4 0-0 6. Be2 Nbd7 7. Be3 e5 8. d5 Ng4 9. Bg5 Bf6 10. Bd2 Bg7 11. h3 Ngf6 12. Be3 Ne8 13. g4 f6 14. Qc2 Rf7 15. 0-0-0 Nf8 16. Kb1 Bd7 17. Nd2 a6 18. c5 dxc5 19. Bxc5 b6 20. Be3 Nd6 21. Nc4 b5 22. Na5 Qb8 23. f3 b4 24. Na4 Bb5 25. Nc6 Qe8 26. Bxb5 axb5 27. Nc5 Nc4 28. Bc1 Nd7 29. Ne6 Ndb6 30. b3 Na3+ 31. Bxa3 bxa3 32. Qc5 Bf8 33. Qxb5 Bd6 34. h4 f5 35. gxf5 gxf5 36. Rdg1+ Kh8 37. Qe2 Nd7 38. Rg5 f4 39. Rhg1 Nb8 40. Ncd8 Rf6 41. Qg2 Rg6 42. h5 1-0

[Event "Uljanovsk op"]
[Site "Uljanovsk"]
[Date "2009.08.29"]
[Round "8"]
[White "Uryadov, Sergey S"]
[Black "Mironov, Vitaly Viktorovich"]
[Result "1-0"]
[WhiteElo "1895"]
[BlackElo "2171"]
[PlyCount "71"]
[EventDate "2009.08.26"]
[EventType "swiss"]
[EventRounds "9"]
[EventCountry "RUS"]
[SourceTitle "CBM 132 Extra"]
[Source "ChessBase"]
[SourceDate "2009.11.03"]
[SourceVersion "1"]
[SourceVersionDate "2009.11.03"]
[SourceQuality "1"]

1. d4 d5 2. Nf3 Nf6 3. c4 e6 4. Nc3 Be7 5. Bg5 Nbd7 6. e3 c6 7. cxd5 exd5 8. Bd3 0-0 9. 0-0 Re8 10. Nd2 Nf8 11. Rb1 Bg4 12. Qc2 h6 13. Bxf6 Bxf6 14. h3 Bh5 15. b4 Bg6 16. Na4 Bxd3 17. Qxd3 Ne6 18. Nb3 Ng5 19. Nac5 Qc8 20. f4 Ne4 21. Nxe4 Rxe4 22. Nc5 Re7 23. Rfc1 Qe8 24. Rb3 Rd8 25. b5 b6 26. Na6 cxb5 27. Nc7 Qf8 28. Qxb5 Red7 29. Rbc3 Qe7 30. Na6 g5 31. f5 Kh7 32. Nb4 g4 33. Nc6 Qd6 34. Nxd8 gxh3 35. Qe2 Rxd8 36. Rc6 1-0